000 00975nas a2200301 4500
001 BR0301813
003 BR-BrBNA
005 20231205103701.0
007 ta
008 230509b bl.|||p| |||| 00| 00por d
040 _aBR-BrBNA
_bpor
_cBiblioteca Nacional de Agricultura
041 _a(Pt)
072 _aF02; F01
100 1 _aBotelho, R.V.
100 1 _aPires, E.J.P.
100 1 _aTerra, M.M.
245 1 _aBrotação e produtividade de videiras da cultivar centennial seedless (Vitis vinifera L.)tratadas com cianamida hidrogenada na região nordeste do Estado de São Paulo
650 _aUVA
650 _aREGULADOR DE CRESCIMENTO
650 _aDORMÊNCIA
650 _aÉPOCA DE CORTE
650 _aBROTAÇÃO
650 _aVARIEDADE
650 _aSÃO PAULO
773 0 _tRevista Brasileira de Fruticultura (Brazil)
_xISSN 0100-2945
_g(Dec 2002), v. 24(3) p. 611-614
_wBR0301813
909 _a202311
_bLúcia
_c55
_dLúcia Elande
942 _2AGRIS
_n0
_cANA
999 _c174204
_d174204